000 00630nam a2200193 i 4500
001 47412
003 ES-MaACL
005 20230906161546.0
007 t|
008 030422s1887 sp ||||1| spa d
100 1 _aCosta, Joaquín,
_d1846-1911
_941054
245 1 0 _aIslas Líbicas: Cyranis, Cerne, Hesperia /
_cpor J. Costa.
260 _aMadrid :
_b[s.n.],
_c1887 (
_fEst. Tip. de El Progreso Editorial)
300 _aLXXVI, 2 p., [3] h. pleg. de mapas ;
_c24 cm.
595 _aDe la Revista de geografía comercial.
651 4 _aGrecia-
_xColonias.
_9172151
852 _aES-MaACL
_jT-462-F-5
999 _c47412
_d47412